|
|
|
|
| LEADER |
00687nam a2200205 a 4500 |
| 001 |
000619490 |
| 003 |
CZ BrMZK |
| 005 |
20080922141828.0 |
| 007 |
ta |
| 008 |
020828s1965 xr f 000 0 cze d |
| 040 |
|
|
|a BOA001
|b cze
|c BOA001
|
| 100 |
1 |
|
|a Polách, Jan
|7 jk01100155
|4 aut
|
| 245 |
1 |
0 |
|a Kombinovaná hnojiva v zelinářství /
|c Jan Polách
|
| 260 |
|
|
|a Olomouc :
|b Výzkumný ústav zelinářský,
|c [1965]
|
| 300 |
|
|
|a 7 s.
|
| 490 |
1 |
|
|a Zemědělské aktuality ;
|v 7
|
| 830 |
|
0 |
|a Zemědělské aktuality (Výzkumný ústav zelinářský)
|
| 910 |
|
|
|a BOA001
|b X-0538.019
|
| 990 |
|
|
|a BK
|
| 996 |
6 |
|
|b 2619221840
|c X-0538.019
|l MZK
|r Sklad / do 24 hodin
|n 1
|w 000619490
|u 000010
|a 1
|e BOA001
|j MZK50
|s P
|